The Underground guide to Word for Windows : slightly askew advice from a WinWord wizard
| Main Author: | |
|---|---|
| Format: | Book |
| Published: |
New York :
Addison-Wesley ,
1994
|
| Subjects: |
MARC
| LEADER | 00000cam a2200000 7i4500 | ||
|---|---|---|---|
| 001 | 0000006779 | ||
| 002 | 000007305 | ||
| 005 | 20030922.0 | ||
| 020 | |a 0201406500 | ||
| 090 | 0 | 0 | |a 652.5536 |b LEO |
| 100 | 1 | |a Leonhard, Woody | |
| 245 | 1 | 4 | |a The Underground guide to Word for Windows : |b slightly askew advice from a WinWord wizard |c Woody Leonhard |
| 260 | |a New York : |b Addison-Wesley , |c 1994 | ||
| 300 | |a 314p. ; |c 23cm. | ||
| 650 | 0 | 0 | |a Microsoft Word for Windows |
| 999 | |a 040708 |b BUKU |c PINJAMAN |e PERPUSTAKAAN KOMUNITI PETALING JAYA | ||